| 000 | 00946cam a22002651 4500 | ||
|---|---|---|---|
| 001 | e 13000031 | ||
| 003 | DLC | ||
| 005 | 20260227111158.0 | ||
| 008 | 830310m18941906gw 000 0 ger c | ||
| 010 | _ae 13000031 | ||
| 035 | _a(OCoLC)9300603 | ||
| 040 |
_aLibrary, U.S. Bur. of Education _cOU _dPP _dDLC |
||
| 042 | _apremarc | ||
| 050 | 0 | 0 |
_aLB621 _b.A2 1926 |
| 100 | 1 |
_aPestalozzi, Johann Heinrich, _d1746-1827. |
|
| 245 | 1 | 0 |
_aJ. H. Pestalozzis ausgewählte werke. _bMit Pestalozzis biographie _chrsg. von Friedrich Mann. |
| 250 | _a5. aufl. | ||
| 260 |
_aLangensalza, _bH. Beyer & söhne, _c1894-1906. |
||
| 300 |
_a4 v. _b3 fold. diagr. _c21 cm. |
||
| 490 | 1 | _aAdded t.-p.: Bibliothek pädagogischer klassiker ... hrsg. von F. Mann. [bd. 1-4] | |
| 500 | _a1 bd., 1897; 4. bd., 4. aufl., 1894. | ||
| 500 | _aTitle of 1. bd.: J. H. Pestalozzis ausgewählte schriften ... | ||
| 650 | 0 | _aEducation. | |
| 700 | 1 |
_aMann, Friedrich, _eed. |
|
| 999 |
_c19432 _d19432 |
||